| 000 | 01078 a2200229 4500 | ||
|---|---|---|---|
| 003 | NALT | ||
| 005 | 20240918120459.0 | ||
| 008 | 211224b th ||||| |||| 00| 0 tha d | ||
| 020 | _a9786164261020 | ||
| 040 | _aNALT | ||
| 050 |
_aLB 1029.P67 _bด123อ 2561 |
||
| 100 | 0 |
_aดนัย เรียบสกุล _955231 |
|
| 245 | 1 | 0 |
_aออกแบบแฟ้มสะสมผลงานอย่างไร = _bHow to Design Portfolios / _cดนัย เรียบสกุล. |
| 246 | 3 | 1 | _aHow to Design Portfolios. |
| 250 | _aพิมพ์ครั้งที่ 1 | ||
| 260 |
_aพิษณุโลก : _bสำนักพิมพ์มหาวิทยาลัยนเรศวร, _c2561. |
||
| 300 |
_a112 หน้า : _bภาพประกอบสี ; _c22 ซม. |
||
| 650 | 4 |
_955232 _aแฟ้มผลงานทางการศึกษา |
|
| 850 | _aNALT | ||
| 942 |
_2lcc _cGB |
||
| 998 |
_c103 _j111 _k นางสาวพจพิณ พรมเอี่ยม |
||
| 999 |
_c98299 _d98299 |
||